A Rákóczi-kastély falaiban még vannak feltáratlan titkok

Bibliographic Details
Main Author: Hudák, Katalin, 1977- (Author)
Format: Article
Language:Hungarian
PhysicalDescription:Fotogr.
Subjects:

MARC

LEADER 00000nab a2200000 a 4500
001 vtls008636607
003 SK-MaSNL
005 20260318114451.0
008 060323 2006 xo | |000 0|hun
015 |a SNBRB2006/03 
038 |a KEVKJB 
040 |a KEVKJB  |b slo  |c KEVKJB  |e AACR2 
041 0 |a hun 
044 |a xo  |c SK 
080 |a 728.8  |2 2001 
100 1 |a Hudák, Katalin,  |d 1977-  |4 aut  |9 868228 
245 1 0 |a A Rákóczi-kastély falaiban még vannak feltáratlan titkok  |c Hudák Katalin 
300 |b Fotogr. 
600 0 7 |a František  |b II. Rákoci,  |c sedmohradské knieža,  |d 1676-1735  |2 kevkjb  |9 160695 
610 1 7 |a Borša (Slovensko : kaštieľ)  |2 kevkjb  |9 172305 
650 0 7 |a kaštiele  |x rekonštrukcia  |2 kevkjb  |9 1606193 
651 7 |a Borša (Slovensko)  |2 kevkjb  |9 16656 
651 7 |a Trebišov (Slovensko : okres)  |2 kevkjb  |9 56230 
773 0 |t Kassai Figyelő  |g Évf. IV, sz. 3 (2006), o. 9 
852 |a KEVKJB  |b KIS3GCP 
958 |a HU 
999 |c 3307184  |d 3309114